Every MLB Player in 2026 - Statistics

General Stats
  • This quiz has been taken 597 times
  • The average score is 261 of 1084
Answer Stats
Team Answer % Correct
LAD Will Smith
80%
DET Burch Smith
78%
CLE Cade Smith
78%
HOU Cam Smith
78%
ATL Dominic Smith
78%
SFG Dylan Smith
78%
TEX Josh Smith
78%
ARI Pavin Smith
78%
NYY Aaron Judge
77%
LAD Shohei Ohtani
74%
CLE David Fry
71%
ARI Corbin Carroll
69%
MIL Carlos Rodriguez
68%
SEA Julio Rodriguez
68%
ARI Ketel Marte
68%
SDP Bradgley Rodriguez
67%
NYY Elmer Rodríguez
67%
BAL Jonathan Rodríguez
67%
TOR Yariel Rodríguez
67%
ATL Ronald Acuña Jr.
66%
CIN Elly De La Cruz
65%
NYM Juan Soto
65%
PHI Bryce Harper
64%
MIN Josh Bell
64%
CHW Luisangel Acuña
64%
LAA Mike Trout
64%
LAD Freddie Freeman
63%
PIT Gregory Soto
63%
CIN Noelvi Marté
63%
PIT Paul Skenes
63%
KCR Starling Marte
63%
KCR Bobby Witt Jr.
62%
SDP Fernando Tatis Jr.
62%
PIT Oneil Cruz
62%
SEA Bryan Woo
61%
LAD Edwin Díaz
61%
NYY Fernando Cruz
61%
CLE José Ramirez
61%
ATH Nick Kurtz
61%
BOS Ranger Suárez
61%
HOU Yordan Alvarez
61%
MIA Agustín Ramírez
60%
BAL Albert Suárez
60%
KCR Elias Díaz
60%
CIN Eugenio Suárez
60%
BAL Gunnar Henderson
60%
BOS Jarren Duran
60%
ATL | SEA José Suarez
60%
COL Kyle Freeman
60%
LAD Mookie Betts
60%
BAL Pete Alonso
60%
ATL Robert Suarez
60%
KCR Steven Cruz
60%
DET Tarik Skubal
60%
COL Tyler Freeman
60%
HOU Yainer Diaz
60%
TBR Yandy Díaz
60%
PIT Yohan Ramírez
60%
BOS Aroldis Chapman
59%
TEX Ezequiel Durán
59%
PHI Jhoan Duran
59%
SFG Jung Hoo Lee
59%
SFG Matt Chapman
59%
TOR Vladimir Guerrero Jr.
59%
WSN Andrew Alvarez
58%
NYM Francisco Alvarez
58%
MIL Logan Henderson
58%
SDP Rodolfo Durán
58%
NYM Devin Williams
57%
NYM Francisco Lindor
57%
PHI Adolis García
56%
NYY Anthony Volpe
56%
NYY Ben Rice
56%
ARI Brandyn Garcia
56%
MIN Brooks Lee
56%
TBR Carson Williams
56%
TOR Chase Lee
56%
ATL Dylan Lee
56%
MIA Eury Pérez
56%
CLE Gavin Williams
56%
DET Hao-Yu Lee
56%
ATL Luke Williams
56%
KCR Maikel Garcia
56%
SDP Mason Miller
56%
KCR Salvador Perez
56%
ARI Aramis Garcia
55%
SEA Bryce Miller
55%
SEA Cal Raleigh
55%
HOU Christian Walker
55%
WSN Cionel Pérez
55%
SFG Erik Miller
55%
HOU Jose Altuve
55%
MIN | NYM Luis García
55%
WSN Luis García Jr.
55%
SDP Manny Machado
55%
ATL Martín Pérez
55%
ATL Matt Olson
55%
BAL Rico Garcia
55%
TEX Robert Garcia
55%
DET Wenceel Pérez
55%
NYM Bo Bichette
54%
STL Dustin May
54%
ATH Jacob Wilson
54%
WSN James Wood
54%
STL Jordan Walker
54%
BAL Josh Walker
54%
NYY Luis Gil
54%
CIN Luis Mey
54%
CHC Pete Crow-Armstrong
54%
SFG Ryan Walker
54%
PHI Taijuan Walker
54%
LAD Teoscar Hernández
54%
BAL Weston Wilson
54%
SEA Will Wilson
54%
CHC Carson Kelly
53%
MIA Heriberto Hernández
53%
LAD Hyeseong Kim
53%
PHI Kyle Schwarber
53%
CHW Munetaka Murakami
53%
MIA Otto Lopez
53%
MIL William Contreras
53%
BOS Wilson Contreras
53%
LAD Yoshinobu Yamamoto
53%
ARI Alek Thomas
52%
ATL Chris Sale
52%
ATL Ha-Seong Kim
52%
ATH Jacob Lopez
52%
TBR Kevin kelly
52%
ARI Merill Kelly
52%
ATH Michael Kelly
52%
CHC Nicky Lopez
52%
DET Riley Greene
52%
NYY Spencer Jones
52%
BOS Zach Kelly
52%
MIN Austin Martin
51%
TEX Chris Martin
51%
NYY Cody Bellinger
51%
CHC Corbin Martin
51%
CHW Davis Martin
51%
MIL Greg Jones
51%
DET Jahmai Jones
51%
NYY Max Fried
51%
ATL Reynaldo López
51%
CHC Riley Martin
51%
TBR Trevor Martin
51%
ARI Ildemaro Vargas
50%
KCR Lane Thomas
50%
PHI Trea Turner
50%
CHC Alex Bregman
49%
ATL Austin Riley
49%
PHI Christopher Sanchez
49%
ATH Colby Thomas
49%
MIL Gary Sánchez
49%
LAD Kyle Tucker
49%
CHW Miguel Vargas
49%
SFG Rafael Devers
49%
ATH Brett Harris
48%
CHC Dansby Swanson
48%
CHW | HOU Dustin Harris
48%
ARI Geraldo Perdomo
48%
ATH Hogan Harris
48%
NYY Jazz Chisholm Jr.
48%
TOR Jesús Sánchez
48%
SEA Logan Gilbert
48%
ATL Michael Harris
48%
NYY Paul Goldschmidt
48%
CHC Seiya Suzuki
48%
CLE Bo Naylor
47%
TEX Corey Seager
47%
BOS Garret Crochet
47%
SEA Josh Naylor
47%
SEA J.P. Crawford
47%
NYM Marcus Semien
47%
ATL Ozzie Albies
47%
BOS Roman Anthony
47%
ARI Zac Gallen
47%
BAL Adley Rutschman
46%
KCR Alex Lange
46%
CHC Ben Brown
46%
MIN Byron Buxton
46%
SFG Drew Gilbert
46%
HOU Hunter Brown
46%
PHI Justin Crawford
46%
ATH | LAD Max Muncy
46%
CHW Tyler Gilbert
46%
BOS Wilyer Abreu
46%
LAD Blake Snell
45%
HOU Bryan Abreu
45%
LAD Dalton Rushing
45%
DET Jake Rogers
45%
MIN Taylor Rogers
45%
BAL Trevor Rogers
45%
TOR Tyler Rogers
45%
ATL Drake Baldwin
44%
SDP Jason Adam
44%
ARI Nolan Arenado
44%
HOU Zach Cole
44%
LAD Andy Pages
43%
NYY Cam Schlittler
43%
MIN Joe Ryan
43%
LAD Roki Sasaki
43%
ATH Shea Langeliers
43%
BOS Trevor Story
43%
PHI Zack Wheeler
43%
NYY Austin Wells
42%
PIT Brandon Lowe
42%
HOU Carlos Correa
42%
MIL Christian Yelich
42%
CHC Colin Rea
42%
DET Framber Valdez
42%
NYY Giancarlo Stanton
42%
TEX Jacob deGrom
42%
SFG Logan Webb
42%
CHC Nico Hoerner
42%
STL Pedro Pagés
42%
PHI Alec Bohm
41%
CHW Colson Montgomery
41%
CHC Ian Happ
41%
SDP Jackson Merrill
41%
CHC Jacob Webb
41%
LAA Josh Lowe
41%
TBR Junior Caminero
41%
ATH Lawrence Butler
41%
BOS Marcelo Mayer
41%
PIT Mason Montgomery
41%
MIA Max Meyer
41%
CIN Nathaniel Lowe
41%
MIA Sandy Alcantara
41%
ATL Spencer Strider
41%
BAL Tyler Wells
41%
SDP Bryce Johnson
40%
NYY Carlos Rodon
40%
WSN CJ Abrams
40%
HOU Daniel Johnson
40%
NYY David Bednar
40%
ATH Luis Severino
40%
CIN Pierce Johnson
40%
LAA Ryan Johnson
40%
PHI Seth Johnson
40%
NYY Trent Grisham
40%
LAA Zach Neto
40%
CLE Angel Martínez
39%
CHC Edward Cabrera
39%
NYM Freddy Peralta
39%
COL Hunter Goodman
39%
NYY Jasson Domínguez
39%
LAA Jo Adell
39%
NYM Luis Robert Jr.
39%
CLE | SFG Patrick Bailey
39%
BAL Shane Baz
39%
LAD Tyler Glasnow
39%
ATH Brent Rooker
38%
WSN Foster Griffin
38%
TOR George Springer
38%
BAL Jeremiah Jackson
38%
MIA John King
38%
NYY José Caballero
38%
PIT Konnor Griffin
38%
SDP Michael King
38%
TBR Nick Martinez
38%
LAA Omar Martínez
38%
NYY Ryan McMahon
38%
CHW Seranthony Dominguez
38%
DET Spencer Torkelson
38%
CLE Steven Kwan
38%
KCR Vinnie Pasquantino
38%
SDP Wandy Peralta
38%
PHI Aaron Nola
37%
ARI Adrian Del Castillo
37%
BAL Brandon Young
37%
MIL Brice Turang
37%
HOU Bryan King
37%
SEA Cole Young
37%
WSN Jacob Young
37%
NYM Jared Young
37%
DET Javier Báez
37%
SFG Luis Arraez
37%
CHC Michael Busch
37%
COL Mickey Moniak
37%
BOS Sonny Gray
37%
LAD Tanner Scott
37%
TOR Alejandro Kirk
36%
NYM Brett Baty
36%
CIN Chase Burns
36%
NYM Christian Scott
36%
TOR Ernie Clement
36%
ARI Gabriel Moreno
36%
PHI J.T. Realmuto
36%
TEX Peyton Gray
36%
CIN Sal Stewart
36%
MIN Tristan Gray
36%
STL Victor Scott
36%
SFG Willy Adames
36%
PHI Brandon Marsh
35%
MIL Coleman Crow
35%
TOR Dylan Cease
35%
SEA Luis Castillo
35%
MIA Xavier Edwards
35%
LAD Brock Stewart
34%
PHI Bryson Stott
34%
NYM Carl Edwards Jr.
34%
ARI Carlos Santana
34%
NYM Clay Holmes
34%
TOR Daulton Varsho
34%
PIT Dennis Santana
34%
COL Ezequiel Tovar
34%
STL George Soriano
34%
ATL Grant Holmes
34%
PIT Henry Davis
34%
LAA José Soriano
34%
TOR Kevin Gausman
34%
CHC Shota Imanaga
34%
CHW Tyler Davis
34%
LAD Alex Freeland
33%
TEX Brandon Nimmo
33%
BOS Caleb Durbin
33%
TBR Chandler Simpson
33%
CHW Chris Murphy
33%
TEX Danny Jansen
33%
ATL Eli White
33%
SEA Josh Simpson
33%
DET Kenley Jansen
33%
LAD Miguel Rojas
33%
SDP Nick Castellanos
33%
NYM Nolan McLean
33%
SEA Randy Arozarena
33%
ATL Sean Murphy
33%
NYY Camilo Doval
32%
NYM Carson Benge
32%
BOS Ceddanne Rafaela
32%
KCR Cole Ragans
32%
SEA George Kirby
32%
NYM Jorge Polanco
32%
DET Justin Verlander
32%
MIN Kendry Rojas
32%
DET Kevin McGonigle
32%
MIA Kyle Stowers
32%
PIT Marcell Ozuna
32%
NYM Mark Vientos
32%
KCR Mason Black
32%
PIT Ryan O'Hearn
32%
MIL Tyler Black
32%
SDP Xander Bogaerts
32%
TOR Andrés Giménez
31%
SEA Andrés Muñoz
31%
BAL Colton Cowser
31%
DET Drew Anderson
31%
DET Gleyber Torres
31%
MIL Grant Anderson
31%
DET Jace Jung
31%
BOS Jack Anderson
31%
HOU Jeremy Peña
31%
MIA Joe Mack
31%
TEX Josh Jung
31%
TOR Kazuma Okamoto
31%
TOR Max Scherzer
31%
HOU Roddery Muñoz
31%
ATL Rolddy Muñoz
31%
LAA Shaun Anderson
31%
NYY Tim Hill
31%
NYM Austin Warren
30%
SEA Brendan Donovan
30%
ATH Denzel Clarke
30%
CHW Derek Hill
30%
DET Dillon Dingler
30%
CHW Grant Taylor
30%
COL Jaden Hill
30%
TOR Jeff Hoffman
30%
ATH Jeff McNeil
30%
SEA Luke Raley
30%
NYM Luke Weaver
30%
ATL Mauricio Dubón
30%
LAD Ryan Ward
30%
BAL Taylor Ward
30%
CHW Tristan Peters
30%
NYM Tyrone Taylor
30%
NYY Will Warren
30%
ARI Andrew Hoffman
29%
NYM Brooks Raley
29%
PIT Bubba Chandler
29%
BAL Coby Mayo
29%
TEX Cole Winn
29%
PHI Jesús Luzardo
29%
STL JJ Wetherholt
29%
ATH | ATL Jonah Heim
29%
SFG Keaton Winn
29%
LAA Logan O'Hoppe
29%
STL Masyn Winn
29%
CHC Matt Shaw
29%
TEX Nathan Eovaldi
29%
PHI Nolan Hoffman
29%
KCR Seth Lugo
29%
ARI Taylor Clarke
29%
ATH Tyler Soderstrom
29%
TEX Wyatt Langford
29%
DET Casey Mize
28%
MIL Joey Ortiz
28%
ARI Lourdes Gurriel Jr.
28%
ATH Mark Leiter Jr.
28%
SFG Robbie Ray
28%
MIN Royce Lewis
28%
BAL Samuel Basallo
28%
CLE Shawn Armstrong
28%
BOS Brayan Bello
27%
SEA Domingo González
27%
SDP Gavin Sheets
27%
SFG Heliot Ramos
27%
TEX Jack Leiter
27%
SDP Jake Cronenworth
27%
BOS Masataka Yoshida
27%
LAA Nolan Schanuel
27%
TOR Patrick Corbin
27%
BOS Payton Tolle
27%
MIL Abner Uribe
26%
PHI Brad Keller
26%
ATL Bryce Elder
26%
KCR Carter Jensen
26%
TBR Cedric Mullins
26%
NYM David Peterson
26%
LAD Emmet Sheehan
26%
CHW Jordan Hicks
26%
LAA Jorge Soler
26%
DET Kerry Carpenter
26%
MIL Kyle Harrison
26%
MIA Liam Hicks
26%
PIT Mitch Keller
26%
PIT Nick Gonzalez
26%
TOR Addison Barger
25%
CIN Andrew Abbott
25%
BAL Blaze Alexander
25%
COL Brenton Doyle
25%
BOS Carlos Narváez
25%
COL Chase Dollander
25%
BOS Connor Wong
25%
CHC Daniel Palencia
25%
PHI Edmundo Sosa
25%
MIA Esteury Ruiz
25%
WSN Gus Varland
25%
DET Jack Flaherty
25%
LAD Justin Wrobleski
25%
CIN Ke'Bryan Hayes
25%
WSN Keibert Ruiz
25%
CHW | TOR Lenyn Sosa
25%
TOR Louis Varland
25%
TEX MacKenzie Gore
25%
MIL Sal Frelick
25%
CIN Spencer Steer
25%
TOR Trey Yesavage
25%
CIN Tyler Stephenson
25%
CLE Chase DeLauter
24%
BOS Connelly Early
24%
HOU Isaac Paredes
24%
STL Iván Herrera
24%
TEX Jake Burger
24%
HOU Jason Alexander
24%
ARI José Fernández
24%
WSN Julian Fernández
24%
NYM Kodai Senga
24%
CHC Matthew Boyd
24%
CHC Moisés Ballesteros
24%
STL Ryan Fernandez
24%
NYY Ryan Weathers
24%
HOU Tatsuya Imai
24%
TBR Taylor Walls
24%
TEX Tyler Alexander
24%
NYY Amed Rosario
23%
MIL Brandon Woodruff
23%
PIT Braxton Ashcraft
23%
WSN Curtis Mead
23%
TEX Evan Carter
23%
CIN Graham Ashcraft
23%
ARI Paul Sewald
23%
MIN Ryan Jeffers
23%
CLE Tanner Bibee
23%
STL Alec Burleson
22%
LAD Alex Vesia
22%
PHI Andrew Painter
22%
CLE Austin Hedges
22%
CLE Brayan Rocchio
22%
SEA Emerson Hancock
22%
BOS Garrett Whitlock
22%
SFG Harrison Bader
22%
COL Jake McCarthy
22%
ATH Jeffrey Springs
22%
CIN JJ Bleday
22%
TBR Jonathan Aranda
22%
BAL Kyle Bradish
22%
CIN Matt McClain
22%
CHC Michael Conforto
22%
ATL Mike Yastrzemski
22%
CLE Rhys Hoskins
22%
NYM A.J. Ewing
21%
CHW Andrew Benintendi
21%
MIL Andrew Vaughn
21%
ATH Carlos Cortes
21%
ATH Elvis Alvarado
21%
SDP Freddy Fermin
21%
TEX Joc Pederson
21%
PIT Joey Bart
21%
KCR Jonathan India
21%
PHI José Alvarado
21%
LAA José Fermin
21%
STL José Fermín
21%
NYY Kervin Castro
21%
TEX Kumar Rocker
21%
MIN Matt Wallner
21%
CIN Nick Lodolo
21%
CLE Parker Messick
21%
ARI Ryan Thompson
21%
TBR Shane McClanahan
21%
MIN Simeon Woods Richardson
21%
CLE Travis Bazzana
21%
MIL Trevor Megill
21%
BAL Tyler O'Neill
21%
COL Willi Castro
21%
LAD Alex Call
20%
LAD Blake Treinen
20%
WSN Brady House
20%
ARI Brandon Pfaadt
20%
BAL Chris Bassitt
20%
MIL Garrett Mitchell
20%
KCR Jac Caglianone
20%
NYY Jake Bird
20%
CHC Jameson Taillon
20%
SEA Mitch Garver
20%
STL Nolan Gorman
20%
CHW | NYY Randal Grichuk
20%
MIN Travis Adams
20%
LAA Yusei Kikuchi
20%
BAL Anthony Nunez
19%
SFG Bryce Eldridge
19%
CHC Cade Horton
19%
KCR Carlos Estévez
19%
CHW Chase Meidroth
19%
DET Colt Keith
19%
SEA Dominic Canzone
19%
SDP Germán Márquez
19%
TBR Griffin Jax
19%
WSN Miles Mikolas
19%
WSN Nasim Nuñez
19%
HOU Nick Allen
19%
SDP Nick Pivetta
19%
LAA Oswald Peraza
19%
MIA Pete Fairbanks
19%
ARI Ryne Nelson
19%
MIN Taj Bradley
19%
LAA Yoán Moncada
19%
DET Zach McKinstry
19%
ATH Zack Gelof
19%
SDP Adrián Morejón
18%
MIN Bailey Ober
18%
HOU Brice Matthews
18%
SFG Casey Schmitt
18%
MIA Deyvison De Los Santos
18%
TBR Drew Rasmussen
18%
TOR Eloy Jiménez
18%
HOU Enyel De Los Santos
18%
HOU Jake Meyers
18%
KCR Kyle Isbel
18%
MIA Owen Caissie
18%
SDP Ramón Laureano
18%
LAA Reid Detmers
18%
BAL Ryan Helsley
18%
CIN TJ Friedl
18%
COL Tomoyuki Sugano
18%
SDP Ty France
18%
BAL Yennier Cano
18%
NYY Yerry de los Santos
18%
TBR Ben Williamson
17%
CIN Brandon Williamson
17%
CIN Brock Burke
17%
MIA Christopher Morel
17%
NYM Craig Kimbrel
17%
WSN Daylen Lile
17%
MIA Jakob Marsee
17%
NYY J.C. Escarra
17%
SDP Jeremiah Estrada
17%
HOU J.P. France
17%
KCR Kris Bubic
17%
CLE Kyle Manzardo
17%
COL Michael Lorenzen
17%
CHC Miguel Amaya
17%
NYM MJ Melendez
17%
SDP Randy Vásquez
17%
CHW Sean Burke
17%
SDP Alek Jacob
16%
TEX Andrew McCutchen
16%
COL Antonio Senzatela
16%
CIN Brady Singer
16%
NYY Brendan Beck
16%
TOR Davis Schneider
16%
CHW Edgar Quero
16%
CIN Emilio Pagán
16%
CHC Ethan Roberts
16%
MIL Jeferson Quero
16%
COL Jordan Beck
16%
LAA Jordan Romano
16%
HOU Lance McCullers Jr.
16%
TOR Lázaro Estrada
16%
NYM Luis Torrens
16%
KCR Matt Strahm
16%
DET Parker Meadows
16%
ARI Ryan Waldschmidt
16%
CHW | PHI Trevor Richards
16%
COL Victor Vodnik
16%
DET Will Vest
16%
MIL Aaron Ashby
15%
TBR Bryan Baker
15%
SEA Connor Joe
15%
CIN Dane Myers
15%
MIL David Hamilton
15%
PHI Dylan Moore
15%
TOR Eric Lauer
15%
ATL Ian Hamilton
15%
KCR Isaac Collins
15%
BOS Isiah Kiner-Falefa
15%
MIN John Klein
15%
ATL Jorge Mateo
15%
SFG Landen Roupp
15%
KCR Lucas Erceg
15%
MIL Luis Rengifo
15%
ARI Luken Baker
15%
TOR Myles Straw
15%
STL Riley O'Brien
15%
BAL Ryan Mountcastle
15%
NYM Tobias Myers
15%
LAA Travis d'Arnaud
15%
SFG Tristan Beck
15%
CIN Will Benson
15%
LAD Will Klein
15%
LAA Alek Manoah
14%
CHW Austin Hays
14%
MIL Blake Perkins
14%
MIL Chad Patrick
14%
MIA Connor Norby
14%
MIL DL Hall
14%
ATH Jack Perkins
14%
MIL Jake Bauers
14%
TBR Jake Fraley
14%
COL Jose Quintana
14%
DET Keider Montero
14%
TEX Kyle Higashioka
14%
MIN Luke Keaschall
14%
ARI Michael Soroka
14%
SDP Miguel Andujar
14%
PIT Spencer Horwitz
14%
COL TJ Rumfield
14%
MIA Tyler Phillips
14%
SDP Walker Buehler
14%
BOS Andruw Monasterio
13%
CIN Connor Phillips
13%
CLE Gabriel Arias
13%
BOS Greg Weissert
13%
MIA Janson Junk
13%
ATH J.T. Ginn
13%
SEA Leo Rivas
13%
SDP Luis Campusano
13%
STL Matthew Liberatore
13%
HOU Mike Burrows
13%
HOU Ryan Weiss
13%
NYY Ryan Yarbrough
13%
HOU Spencer Arrighetti
13%
TBR Steven Matz
13%
ATH Aaron Civale
12%
CHW Anthony Kay
12%
MIA | NYM Austin Slater
12%
TOR Brandon Valenzuela
12%
TOR Brendon Little
12%
NYY Brent Headrick
12%
HOU Christian Vázquez
12%
HOU Cristian Javier
12%
BAL Dylan Beavers
12%
PHI Félix Reyes
12%
PHI Garrett Stubbs
12%
SDP Griffin Canning
12%
ATH Henry Bolte
12%
PIT Jared Triolo
12%
SEA Jose A. Ferrer
12%
CIN Jose Trevino
12%
ARI Kevin Ginkel
12%
LAA Kirby Yates
12%
DET Kyle Finnegan
12%
LAD Kyle Hurt
12%
CHC Luke Little
12%
SEA Matt Brash
12%
DET Matt Vierling
12%
NYY Max Schuemann
12%
KCR Michael Massey
12%
STL Michael McGreevy
12%
TOR Nathan Lukes
12%
CHW Noah Schultz
12%
NYY Paul Blackburn
12%
WSN Paxton Schultz
12%
STL Ramón Urías
12%
SEA Rob Refsnyder
12%
LAD Santiago Espinal
12%
NYM Sean Manea
12%
TOR Tyler Heineman
12%
SFG Tyler Mahle
12%
SEA Víctor Robles
12%
BAL Zach Eflin
12%
MIL Brandon Sproat
11%
WSN Cade Cavalli
11%
MIA Chris Paddack
11%
TOR Cody Ponce
11%
CLE Daniel Schneemann
11%
SFG Daniel Susac
11%
BAL Dean Kremer
11%
ATL Didier Fuentes
11%
SEA Eduard Bazardo
11%
COL Eduardo Julien
11%
SFG Eric Haase
11%
CHW Erick Fedde
11%
NYM Huascar Brazobán
11%
CLE Hunter Gaddis
11%
ARI James McCann
11%
MIN James Outman
11%
BOS Johan Oviedo
11%
ATL JR Ritchie
11%
BAL Leody Taveras
11%
SDP Matt Waldron
11%
TBR Nick Fortes
11%
KCR Noah Cameron
11%
CHC Phil Maton
11%
CIN Rhett Lowder
11%
ATL Sandy León
11%
COL Troy Johnston
11%
ATL Aaron Bummer
10%
LAA Adam Frazier
10%
SFG Adrian Houser
10%
TOR Braydon Fisher
10%
CHW Drew Romo
10%
LAD Edgardo Henriquez
10%
DET Gage Workman
10%
SFG Greogory Santos
10%
CHC Hoby Milner
10%
CHW Jarred Kelenic
10%
SFG Jerar Encarnacion
10%
CLE Joey Cantillo
10%
STL JoJo Romero
10%
BOS Justin Slaten
10%
MIN Kody Clemens
10%
TOR Mason Fluharty
10%
KCR Michael Waha
10%
MIN Mick Abel
10%
WSN Mitchell Parker
10%
KCR Mitch Spence
10%
MIA Robby Snelling
10%
BOS Ryan Watson
10%
CHW Sam Antonacci
10%
CLE Slade Cecconi
10%
DET Tyler Holton
10%
LAA Vaughn Grissom
10%
MIN Victor Caratini
10%
MIN | TBR Yoendrys Gómez
10%
ATH | NYM Andy Ibáñez
9%
MIL Angel Zerpa
9%
CHC Charlie Barnes
9%
HOU Colton Gordon
9%
BOS Eduardo Rivera
9%
LAA Jack Kochanowicz
9%
TEX Jacob Latz
9%
BOS Jake Bennett
9%
WSN Jake Irvin
9%
PIT Jake Mangum
9%
CHC Javier Assad
9%
TOR Joe Mantiply
9%
WSN Joey Wiemer
9%
TBR Jonny DeLuca
9%
PHI Otto Kemp
9%
PHI Rafael Marchán
9%
STL Ryne Stanek
9%
COL Tanner Gordon
9%
CIN Tony Santillan
9%
WSN Zack Littell
9%
TBR Aaron Brooks
8%
STL Andre Pallante
8%
MIN Andrew Morris
8%
HOU Braden Shewmake
8%
MIA Cade Gibson
8%
BAL Cade Povich
8%
CHC Caleb Thielbar
8%
PIT Carmen Mlodzinski
8%
ATH Darell Hernaiz
8%
NYM | WSN Dicky Lovelady
8%
LAA Drew Pomeranz
8%
CHC Dylan Carlson
8%
TBR Garrett Cleavinger
8%
LAD Jack Dreyer
8%
MIA Javier Sanoja
8%
ARI Jordan Lawler
8%
PIT Justin Lawrence
8%
STL Nathan Church
8%
TBR Richie Palacios
8%
NYM Ronny Mauricio
8%
COL Seth Halvorsen
8%
TOR Spencer Miles
8%
NYM Tommy Pham
8%
BAL Trey Gibson
8%
TEX Alejandro Osuna
7%
MIN Anthony Banda
7%
MIA Anthony Bender
7%
CIN Blake Dunn
7%
SDP David Morgan
7%
KCR Eli Morgan
7%
CLE Erik Sabrowski
7%
MIA Griffin Conine
7%
TBR Hunter Feduccia
7%
MIL Jacob Misirowski
7%
HOU Joey Loperfido
7%
CIN Jose Franco
7%
BOS Jovani Morán
7%
ARI Juan Morillo
7%
ATL Kyle Farmer
7%
STL Kyle Leahy
7%
BOS Mickey Gasper
7%
PIT Nick Yorke
7%
PHI Tanner Banks
7%
ARI Tim Tawa
7%
LAA Walbert Ureña
7%
STL Yohel Pozo
7%
SDP Yuki Matsui
7%
SEA Alex Hoppe
6%
ATH Austin Wynns
6%
DET Brant Hurter
6%
COL Brennan Bernardino
6%
SEA | TBR Casey Legumina
6%
WSN Clayton Beeter
6%
WSN Cole Henry
6%
DET Enmanuel De Jesus
6%
SEA Gabe Speier
6%
MIL Jackson Chuorio
6%
TEX Jakob Junis
6%
LAA Jeimer Candelario
6%
TBR Joe Boyle
6%
ARI Jonathan Loáisiga
6%
WSN Jorbit Vivas
6%
CLE Juan Brito
6%
COL Juan Mejia
6%
HOU Kai-Wei Teng
6%
BAL Keegan Akin
6%
COL Kyle Karros
6%
ATH Luis Morales
6%
SFG Matt Gage
6%
SEA Patrick Wisdom
6%
TBR Ryan Vilade
6%
LAA Ryan Zeferjahn
6%
SDP Sung-Mun Song
6%
CLE Tim Herrin
6%
PHI Tim Mayza
6%
CHC Trent Thornton
6%
SFG Trevor McDonald
6%
ATL Tyler Kinley
6%
LAD Wyat Mills
6%
DET Zack Short
6%
BAL Andrew Kittredge
5%
NYY Angel Chivilli
5%
PIT Billy Cook
5%
MIL Brandon Lockridge
5%
CHW Bryan Hudson
5%
LAA Bryce Teodosio
5%
PIT Cam Sanders
5%
CLE Colin Holderman
5%
MIN Connor Prielipp
5%
SEA Cooper Criswell
5%
KCR Daniel Lynch
5%
BOS Danny Coulombe
5%
WSN Drew Millas
5%
CHW Everson Pereira
5%
CLE George Valera
5%
MIA Graham Pauley
5%
PIT Hunter Barco
5%
TBR Hunter Bigge
5%
CHC Hunter Harvey
5%
TBR Ian Seymour
5%
ARI Joe Ross
5%
ARI Jorge Barrosa
5%
ATL José Azócar
5%
WSN José Tena
5%
PIT José Urquidy
5%
SFG JT Brubaker
5%
SDP Kyle Hart
5%
KCR Luinder Avila
5%
MIL Luis Matos
5%
ATH Luis Medina
5%
CLE Matt Festa
5%
STL Matt Svanson
5%
KCR Nick Loftin
5%
ATL | CHW Osvaldo Bido
5%
HOU Peter Lambert
5%
CHW Reese McGuire
5%
SFG Ryan Borucki
5%
ATH Scott Barlow
5%
CHC Scott Kingery
5%
CHW Sean Newcomb
5%
KCR Stephen Kolek
5%
STL Thomas Saggese
5%
ATH Tyler Ferguson
5%
BOS Tyler Samaniego
5%
DET Ty Madden
5%
NYM Vidal Bruján
5%
SFG Will Brennan
5%
HOU Zach Dezenzo
5%
PHI Zach Pop
5%
HOU AJ Blubaugh
4%
KCR Bailey Falter
4%
LAD Ben Casparius
4%
DET Brenan Hanifee
4%
LAA Brent Suter
4%
SFG Caleb Killian
4%
TEX Cal Quantrill
4%
MIA Calvin Faucher
4%
BAL Cameron Foster
4%
HOU César Salazar
4%
LAA Chase Silseth
4%
SFG Christian Koss
4%
MIN Cole Sands
4%
HOU Cristian Roa
4%
STL Hunter Dobbins
4%
HOU Jayden Murray
4%
TBR Jesse Scholtens
4%
SEA Jhonny Pereda
4%
COL Jimmy Herget
4%
SFG Joel Peguero
4%
KCR John Schreiber
4%
PHI Jonathan Bowlan
4%
MIN Justin Topa
4%
SFG Logan Porter
4%
BAL Lou Trivino
4%
MIA Michael Petersen
4%
KCR Nick Mears
4%
LAA Nick Sandlin
4%
CIN Rece Hinds
4%
SEA Ryan Bliss
4%
CHC Ryan Rolison
4%
LAA Sam Bachman
4%
CIN Sam Moll
4%
MIL Shane Drohan
4%
HOU Steven Okert
4%
CHW Tanner Murray
4%
TOR Tommy Nance
4%
BOS Alec Gamboa
3%
WSN Andrés Chaparro
3%
MIA Andrew Nardi
3%
ATL Anthony Molina
3%
WSN Brad Lord
3%
COL Brett Sullivan
3%
MIL Brian Fitzpatrick
3%
PHI Chase Shugart
3%
PIT Chris Devenski
3%
CLE CJ Kayfus
3%
TBR Cole Sulser
3%
CLE Connor Brogdon
3%
BAL Dietrich Enns
3%
MIN Eric Orze
3%
PIT Evan Sisk
3%
LAA George Klassen
3%
PIT Isaac Mattson
3%
TEX Jalen Beeks
3%
SFG Jared Oliva
3%
SFG Jesús Rodrigues
3%
ATL Jim Jarvis
3%
CHW Jonathan Cannon
3%
CHW Jordan Leasure
3%
SFG José Buttó
3%
TOR Josh Fleming
3%
ATH Justin Sterner
3%
WSN Ken Waldichuk
3%
MIN Kody Funderburk
3%
PHI Kyle Backhus
3%
MIA Lake Bachar
3%
CHW Lucas Sims
3%
SEA Nick Davila
3%
ARI Phillip Abner
3%
SDP Ron marinaccio
3%
MIN Ryan Kreidler
3%
LAA Sam Aldegheri
3%
TEX Sam Haggerty
3%
SFG Sam Hentges
3%
BAL Sam Huff
3%
LAA Sebastián Rivero
3%
HOU Taylor Trammell
3%
KCR Tyler Tolbert
3%
CHC Vince Velasquez
3%
PIT Wilber Dotel
3%
CHC Yacksel Rios
3%
COL Zach Agnos
3%
MIN | WSN Zak Kent
3%
PHI Alan Rangel
2%
SFG Blade Tidwell
2%
ATH Brady Basso
2%
PIT Brandan Bidois
2%
CHW Brandon Eisert
2%
COL Braxton Fulford
2%
ATL Carlos Carrasco
2%
CIN Chase Petty
2%
HOU Cody Bolton
2%
SEA Cole Wilcox
2%
DET Connor Seabold
2%
MIA Dax Fulton
2%
ATL Dylan Dodd
2%
MIL Easton McGee
2%
CLE Franco Aleman
2%
TEX Gavin Collyer
2%
STL Gordon Graceffo
2%
BAL Grant Wolfram
2%
LAD Jake Eder
2%
MIL Jake Woodford
2%
MIL Jared Koenig
2%
ATL Joel Payamps
2%
LAA Joey Lucchesi
2%
MIA Josh Ekness
2%
STL Justin Bruihl
2%
TEX Justin Foscue
2%
TBR Mason Englert
2%
ATH Michael Stefanic
2%
LAA Mitch Farris
2%
WSN Orlando Ribalta
2%
LAD Paul Gervase
2%
CLE Petey Halpin
2%
CLE Peyton Pallette
2%
CIN P.J. Higgins
2%
WSN PJ Poulin
2%
DET Ricky Vanasco
2%
COL Ryan Feltner
2%
COL Ryan Ritter
2%
HOU Shay Whitcomb
2%
LAA Tayler Saucedo
2%
CIN Tejay Antone
2%
BOS Tyler Uberstine
2%
MIA William Kempner
2%
BAL Yaramil Hiraldo
2%
TOR Yohendrick Pinago
2%
CIN Zach Maxwell
2%
WSN Andre Granillo
1%
TOR Austin Voth
1%
HOU Bennett Sousa
1%
ATH Brooks Kriske
1%
TEX Carter Baumler
1%
STL César Prieto
1%
STL Chris Roycroft
1%
MIN Cody Laweryson
1%
CHW Duncan Davitt
1%
KCR Eric Cerantola
1%
MIN Garret Acton
1%
CHC Gavin Hollowell
1%
ATL Hunter Stratton
1%
STL Jared Shuster
1%
CHW Jeixson Páez
1%
NYM Joey Gerber
1%
BAL Jose Espada
1%
CLE Kolby Allard
1%
CIN Kyle Nicolas
1%
HOU Logan VanWey
1%
TEX Luis Curvelo
1%
ATH Mason Barnett
1%
STL Matt Pushard
1%
BAL Nick Raquet
1%
ATL Raisel Igelsias
1%
MIA Ryan Gusto
1%
ARI Taylor Rashi
1%
CHW Tyler Schweitzer
1%
COL Valente Bellozo
1%
CHW Doug Nikhazy
0%
ARI Eduardo Rogriguez
0%
WSN Jackson Rutlegde
0%
ATH Joel Juhnel
0%
WSN Riley Cornelio
0%
No matching quizzes found
Score Distribution
Percent of People with Each Score
Percentile by Number Answered
Your Score History
You have not taken this quiz